Statistics for Land i Asia

Click here to take the quiz!

General Stats

  • This quiz has been taken 146 times
  • The average score is 31 of 48

Answer Stats

Land% Correct
India
88%
Japan
86%
Nord-Korea
86%
Sør-Korea
86%
Afghanistan
83%
Iran
83%
Kina
83%
Irak
80%
Armenia
78%
Mongolia
78%
Pakistan
78%
Indonesia
77%
Israel
77%
Thailand
77%
Laos
75%
Syria
74%
Vietnam
74%
Nepal
72%
Saudi-Arabia
72%
Kasakhstan
71%
Oman
71%
Singapore
71%
Jordan
69%
Georgia
68%
Jemen
68%
Qatar
68%
Tyrkia
68%
Usbekistan
68%
Bangladesh
66%
Turkmenistan
65%
Filippinene
63%
Myanmar
63%
Sri Lanka
63%
Taiwan
62%
Libanon
57%
Kirgisistan
55%
Malaysia
54%
Bhutan
51%
Kambodsja
51%
Kuwait
49%
Øst-Timor
49%
Brunei
45%
Maldivene
43%
De forente arabiske emirater
42%
Bahrain
37%
Aserbajdsjan
35%
Tadsjikistan
35%
Kypros
32%

Score Distribution

Percentile by Number Answered

Percent of People with Each Score

Your Score History

You have not taken this quiz